000 01865nam0a2200421 4500
001 RU\NLR\bibl\199209
005 20250619092534.0
010 _a5-89692-052-4
_bВ пер.
_95000
021 _aRU
_b2001-12521
_9588
035 _a(NLR Aleph) 000195596
090 _a1132345
_c1132345
100 _a20010601d2001 |||y0rusy50 ca
101 0 _arus
102 _aRU
105 _ay |||||||||
200 1 _aСоблазнение (НЛП без комплексов)
_fСергей Огурцов, Сергей Горин
210 _aМ.
_cКСП+
_d2001
215 _a318, [1] с.
_d21
225 1 _aБиблиотека NLP
606 0 _aСексуальные отношения
_jПопулярная литература
_xПсихологические исследования
_92167778
_3RU\NLR\auth\661304202
606 0 _aСексуальные отношения
_jПопулярные издания
_xПсихологические исследования
_92167778
_3RU\NLR\auth\661304202
606 0 _aНейролингвистическое программирование
_jПопулярная литература
_91070284
_3RU\NLR\auth\6698234
606 0 _aНейролингвистическое программирование
_jПопулярные издания
_91070284
_3RU\NLR\auth\6698234
610 0 _aНейролингвистика
610 0 _aЖенщина - Психология
675 _a159.923-055.2
_v3
_zrus
686 _a15
_2rugasnti
686 _a88.37
_2rubbk
686 _aЮ937.3-342.1я9
686 _aЮ948.1-82я9
700 1 _aОгурцов
_bСергей В.
_4070
701 1 _aГорин
_gСергей Анатольевич
_4070
801 0 _aRU
_bRKP
_c20010601
_gPSBO
801 1 _aRU
_bRKP
_c20010601
801 2 _aRU
_bNLR
_c20011119
_grcr
942 _cBOOK
980 _aNB